000 00389cam a22001337a 4500
008 180718b1982 xxu||||| |||| 00| 0 eng d
082 _aT312/K952f/82
100 _aKuchhal, S.C.
245 _aFinancial management: an analytical and conceptual approach
_cby S.C. Kuchhal
250 _a8th ed.
260 _aAllahabad
_bchatanya
_c1982
300 _a624p.
650 _aCorporations - Finance
999 _c348356
_d348356